| 000 -CABECERA |
| campo de control de longitud fija |
00850nam a2200241 u 4500 |
| 001 - NÚMERO DE CONTROL |
| campo de control |
000062106 |
| 005 - FECHA Y HORA DE LA ÚLTIMA TRANSACCIÓN |
| campo de control |
20200120224158.0 |
| 008 - DATOS DE LONGITUD FIJA--INFORMACIÓN GENERAL |
| campo de control de longitud fija |
140715s2008 ck gr| 000 0 spa d |
| 041 0# - CÓDIGO DE LENGUA |
| Código de lengua del texto/banda sonora o título independiente |
Cspa |
| 043 ## - CÓDIGO DE ÁREA GEOGRÁFICA |
| Código de área geográfica |
c-k---- |
| 082 04 - NÚMERO DE LA CLASIFICACIÓN DECIMAL DEWEY |
| Número de clasificación |
791.43 |
| Número de documento/Ítem |
A26 |
| Número de edición |
21 |
| 245 13 - MENCIÓN DE TÍTULO |
| Título |
El acorazado Potemkin / |
| Mención de responsabilidad, etc. |
dirección de Sergei Eisenstein ; guión de Nina Agadzhanova-Shutko. |
| Medio |
[película] |
| 260 ## - PUBLICACIÓN, DISTRIBUCIÓN, ETC. |
| Lugar de publicación, distribución, etc. |
Bogotá : |
| Nombre del editor, distribuidor, etc. |
MS T.V. & Video, |
| Fecha de publicación, distribución, etc. |
2008. |
| 300 ## - DESCRIPCIÓN FÍSICA |
| Extensión |
1 DVD (76 min.) : |
| Otras características físicas |
son. , col. ; |
| Material acompañante/anejo |
12 cm. |
| 490 #0 - MENCIÓN DE SERIE |
| Mención de serie |
Plan Audiovisual Nacional; |
| Designación de volumen o secuencia |
77 |
| 534 ## - NOTA SOBRE LA VERSIÓN ORIGINAL |
| Frase introductoria |
Título original : |
| Mención de título del original |
Bronenosets Potyomkin |
| 650 17 - PUNTO DE ACCESO ADICIONAL DE MATERIA--TÉRMINO DE MATERIA |
| Término de materia o nombre geográfico como elemento de entrada |
Historia Rusa |
| Subdivisión general |
Cine |
| Fuente del encabezamiento o término |
LEMB |
| 650 27 - PUNTO DE ACCESO ADICIONAL DE MATERIA--TÉRMINO DE MATERIA |
| Término de materia o nombre geográfico como elemento de entrada |
Conflicto Social |
| Subdivisión general |
Cine |
| Fuente del encabezamiento o término |
LEMB |
| 650 27 - PUNTO DE ACCESO ADICIONAL DE MATERIA--TÉRMINO DE MATERIA |
| Término de materia o nombre geográfico como elemento de entrada |
Política social |
| Subdivisión general |
Cine |
| Fuente del encabezamiento o término |
LEMB |
| 650 27 - PUNTO DE ACCESO ADICIONAL DE MATERIA--TÉRMINO DE MATERIA |
| Término de materia o nombre geográfico como elemento de entrada |
Ideologías políticas |
| Subdivisión general |
Cine |
| Fuente del encabezamiento o término |
LEMB |
| 700 1# - PUNTO DE ACCESO ADICIONAL--NOMBRE DE PERSONA |
| Nombre de persona |
Eisenstein, Sergei |
| Término indicativo de función/relación |
director |
| 700 1# - PUNTO DE ACCESO ADICIONAL--NOMBRE DE PERSONA |
| Nombre de persona |
Agadzhanova-Shutko, Nina |
| Término indicativo de función/relación |
guionista |